000 00458 a2200157 4500
999 _c4660
_d4660
020 _a9780194372381
050 _aP 140 SCH 2001
100 _aSchendl, Herbert
_eauthor
245 _aHistorical linguistics /
_cHerbert Schendl
264 _aOxford:
_bOxford University Press,
_c2001
300 _axi, 130p. :
440 _aOxford introductions to language study
500 _aIncludes bib
650 _aHistorical linguistics
942 _2lcc
_cBK
_h140
_iSCH
_kP